000 00522nam a2200193Ia 4500
005 20250326141935.0
008 250326s9999 xx 000 0 und d
020 _a0-283-99458-4
037 _aTextbook
040 _aFMSL
_beng
_cFMSL
041 _aeng
_2eng
084 _aV.44 M7.2
_qFMSL
100 _aRizvi S A A
245 0 _aWonder that was India
_cRizvi S A A
260 _aLondon
_bLondon, Sidgwich & jackson
_c1987
300 _axxxv,416
942 _cTB
_hV.44 M7.2
999 _c1292704
_d1292704